LEADER 02307nas 2200565-a 450 001 996198041203316 005 20230224213018.0 011 $a2688-1268 035 $a(OCoLC)123401825 035 $a(CKB)111022849553038 035 $a(CONSER)--2019202662 035 $a(EXLCZ)99111022849553038 100 $a19970415a19879999 s-- a 101 0 $aeng 135 $aur|n||||||||| 181 $ctxt$2rdacontent 182 $cc$2rdamedia 183 $acr$2rdacarrier 200 10$aHypothesis $ethe newsletter of the Research Section of MLA 210 $aMacon, GA $cResearch Section of MLA 210 3 $aChicago, IL $cMedical Library Association, Research Section 300 $aRefereed/Peer-reviewed 300 $aSubtitle varies: Journal of the Research Section of the Medical Library Association, <2016->; Journal of the Research Section, <2018>; Journal of MLA Research Caucus, 2019-2021; Research Journal of Health Information Professionals, 2022- . 311 $a1093-5665 330 $aAn international peer-reviewed journal that provides a venue for original research and research-related content, including research studies and reflections on the process in order to encourage a broader, reflective conversation among MLA members, medical librarians, and librarians interested in research. 531 $aHYPOTHESIS 531 0 $aHypothesis 606 $aMedicine$xInformation services$vPeriodicals 606 $aMedicine$xLibrary resources$vPeriodicals 606 $aResearch$bPeriodicals 606 $aLibrary Science 606 $aResearch$2fast$3(OCoLC)fst01095153 606 $aMedicine$xLibrary resources$2fast$3(OCoLC)fst01014993 606 $aMedicine$xInformation services$2fast$3(OCoLC)fst01014979 608 $aPeriodicals.$2fast 615 0$aMedicine$xInformation services 615 0$aMedicine$xLibrary resources 615 0$aResearch. 615 2$aLibrary Science. 615 7$aResearch. 615 7$aMedicine$xLibrary resources. 615 7$aMedicine$xInformation services. 676 $a026 676 $a410 712 02$aIUPUI (Campus).$bUniversity Library. 712 02$aMedical Library Association.$bResearch Section. 906 $aJOURNAL 912 $a996198041203316 996 $aHypothesis$92580766 997 $aUNISA LEADER 02203nas 2200757-a 450 001 996204937103316 005 20240117213019.0 011 $a1873-4901 035 $a(DE-599)ZDB1499932-8 035 $a(OCoLC)38523688 035 $a(CKB)954926242489 035 $a(CONSER)--2003233188 035 $a(EXLCZ)99954926242489 100 $a19980227b19931998 s-- - 101 0 $aeng 135 $aurmnu|||||||| 181 $ctxt$2rdacontent 182 $cc$2rdamedia 183 $acr$2rdacarrier 200 10$aClinical and diagnostic virology 210 $a[New York, NY] $cElsevier Science Pub. Co.$d-1998 300 $aTitle from contents screen (ScienceDirect, viewed February 14, 2007). 311 $a0928-0197 531 $aCLIN DIAGN VIROL 531 $aCL DIAGN V 531 $aCLINICAL & DIAGNOSTIC VIROLOGY 606 $aVirus diseases$vPeriodicals 606 $aVirology$vPeriodicals 606 $aVirus diseases 606 $aViruses 606 $aVirus Diseases 606 $aViruses 606 $aMaladies à virus$xPériodiques 606 $aVirologie$xPériodiques 606 $aMaladies à virus$vPériodiques 606 $aVirologie$vPériodiques 606 $aMaladies à virus 606 $aVirus 606 $aViruses$2fast$3(OCoLC)fst01167771 606 $aVirology$2fast$3(OCoLC)fst01167670 606 $aVirus diseases$2fast$3(OCoLC)fst01167739 608 $aPeriodical 608 $aperiodicals.$2aat 608 $aPeriodicals.$2fast 608 $aPeriodicals.$2lcgft 608 $aPériodiques.$2rvmgf 610 $aMicrobiology & Immunology 615 0$aVirus diseases 615 0$aVirology 615 0$aVirus diseases. 615 0$aViruses. 615 2$aVirus Diseases 615 2$aViruses 615 6$aMaladies à virus$xPériodiques. 615 6$aVirologie$xPériodiques. 615 6$aMaladies à virus 615 6$aVirologie 615 6$aMaladies à virus. 615 6$aVirus. 615 7$aViruses. 615 7$aVirology. 615 7$aVirus diseases. 906 $aJOURNAL 912 $a996204937103316 996 $aClinical and diagnostic virology$91902485 997 $aUNISA